Dibujos de Agnes van Brandeler / (Record no. 109026)

MARC details
000 -LEADER
campo de control de longitud fija 00727nam a2200217 i 4500
001 - NÚMERO DE CONTROL
campo de control 109026
003 - IDENTIFICADOR DE NÚMERO DE CONTROL
campo de control ES-MaACL
005 - FECHA Y HORA DE LA ÚLTIMA TRANSACCIÓN
campo de control 20251005063105.0
007 - CAMPO FIJO DE DESCRIPCIÓN FÍSICA--INFORMACIÓN GENERAL
campo de control de longitud fija t|
008 - DATOS DE LONGITUD FIJA--INFORMACIÓN GENERAL
campo de control de longitud fija 061121s1952 sp r ||||1| spa d
100 1# - ENTRADA PRINCIPAL--NOMBRE DE PERSONA
Nombre de persona Brandeler, Agnes van den,
Fechas asociadas al nombre 1918-2002
9 (RLIN) 172872
245 10 - MENCIÓN DEL TÍTULO
Título Dibujos de Agnes van Brandeler /
Mención de responsabilidad, etc. [texto de Antonio Oliver].
260 ## - PUBLICACIÓN, DISTRIBUCIÓN, ETC.
Lugar de publicación, distribución, etc. Madrid :
Nombre del editor, distribuidor, etc. [s.n.],
Fecha de publicación, distribución, etc. 1952 (
Fabricante Nueva Imp. Radio)
300 ## - DESCRIPCIÓN FÍSICA
Extensión 13 p., 16 lám. ;
Dimensiones 17 cm.
490 1# - MENCIÓN DE SERIE
Mención de serie Palma. Serie Velázquez
600 14 - PUNTO DE ACCESO ADICIONAL DE MATERIA--NOMBRE DE PERSONA
Nombre de persona Brandeler, Agnes van den,
Fechas asociadas al nombre 1918-2002
9 (RLIN) 172872
700 1# - ENTRADA AGREGADA--NOMBRE PERSONAL
Nombre de persona Oliver Belmás, Antonio,
Fechas asociadas al nombre 1903-1968
9 (RLIN) 86831
830 1# - PUNTO DE ACCESO ADICIONAL DE SERIE-TÍTULO UNIFORME
Título uniforme Palma. Serie Velázquez
9 (RLIN) 226360
852 ## - LOCALIZACIÓN
Ubicación ES-MaACL
Número de control de estantería 1906-F-13
Holdings
Estatus retirado Estado de pérdida Estado de daño No para préstamo Colección Biblioteca de origen Biblioteca actual Ubicación en estantería Fecha de adquisición Fuente de adquisición Total de préstamos Signatura topográfica completa Código de barras Visto por última vez Precio de reemplazo Tipo de ítem Koha
        Colección de folletos Biblioteca del Ateneo de Madrid Biblioteca del Ateneo de Madrid Depósito folletos 17/01/2008     1906-F-13 1113761 23/02/2023 23/02/2023 Folleto